000 00446nam a2200169 a 4500
001 4554
005 20180713184427.0
008 140415s2000 sp 000 0 spa d
041 _aspa
082 _a720.46
_bGAY
100 1 _aGAYA NUÑO, J. A.
245 1 0 _aMADRID MONUMENTAL
250 _a1a ed.
260 _aESPAÑA :
_bPLUS ULTRA,
_c2000
490 _aLOS MONUMENTOS CARDINALES DE ESPAÑA
650 1 4 _aMONUMENTOS
_xMADRID
999 _c4554
_d4554